000 00465nam a2200181 4500
003 SEACOMEC
005 20240405131500.0
008 231006b |||||||| |||| 00| 0 eng d
020 _cRs. 125.00
040 _aSEACOMEC
082 _a670
_bJ59
100 1 _aJeyapoovan, T.
245 1 _aManufacturing Technology lab Manual
_cT. Jeyapoovan and S. Sundaram
260 _aNew Delhi
_bVikas
_c2005
650 _aManufacturing
700 1 _aSundaram, S.
942 _cBOOK
999 _c122
_d122